Country Pairs Whose Longest Border is with Each Other - Statistics

General Stats
  • This quiz has been taken 124 times
    88 since last reset
  • The average score is 55 of 64
Answer Stats
country % Correct
Canada
100%
United States
100%
Ireland
96%
Italy
96%
Russia
96%
United Kingdom
96%
Argentina
94%
Bolivia
94%
Chile
94%
China
94%
Portugal
94%
Spain
94%
Brazil
93%
Dominican Republic
93%
Germany
93%
Haiti
93%
India
93%
Mongolia
93%
Algeria
91%
Congo (Dem Rep)
91%
Kazakhstan
91%
Norway
91%
Sweden
91%
Switzerland
91%
Bangladesh
90%
Honduras
90%
Morocco
90%
Nicaragua
90%
South Africa
90%
Mali
89%
Laos
87%
Panama
87%
Saudi Arabia
87%
Sudan
87%
Turkey
87%
Angola
86%
Costa Rica
86%
Czechia
86%
Indonesia
86%
Nigeria
86%
Syria
86%
Vietnam
86%
Botswana
84%
Cameroon
84%
Malaysia
84%
South Sudan
84%
Ethiopia
83%
Mauritania
83%
Yemen
83%
Somalia
81%
Croatia
80%
Hungary
80%
Mozambique
79%
Slovakia
79%
Bosnia and Herzegovina
77%
Kenya
77%
Ghana
74%
Togo
74%
Armenia
71%
Azerbaijan
71%
Côte d'Ivoire
71%
Liberia
71%
Malawi
71%
Uganda
71%
No matching quizzes found
Score Distribution
Percent of People with Each Score
Percentile by Number Answered
Your Score History
You have not taken this quiz since the last reset